Los fichajes más caros del fútbol - Interiores derechos - Estadísticas

Estadísticas generales
  • Esta prueba ha sido intentada 34 veces
  • La puntuación promedio es 5 de 10
Estadísticas de respuestas
Coste (M €) Temporada Nacionalidad Último club Nuevo club Jugador % Correcto
31,00 2014-2015 Colombia Fiorentina Chelsea Juan Cuadrado
100%
20,00 2017-2018 Colombia Chelsea Juventus Juan Cuadrado
100%
20,00 2013-2014 Colombia Udinese Fiorentina Juan Cuadrado
100%
37,50 2003-2004 Inglaterra Manchester United Real Madrid David Beckham
78%
48,00 2001-2002 España Valencia CF Lazio Gaizka Mendieta
75%
25,00 2017-2018 Italia Torino Chelsea Davide Zappacosta
31%
22,00 2016-2017 Italia Lazio Inter Antonio Candreva
16%
24,50 2003-2004 Irlanda Blackburn Chelsea Damien Duff
9%
15,50 2006-2007 Irlanda Chelsea Newcastle United Damien Duff
9%
22,00 2008-2009 Inglaterra Blackburn Tottenham David Bentley
3%
No se encontraron pruebas coincidentes
Distribución de puntuación
Porcentaje de gente con cada puntuación
Porcentaje por número respondido
Historial de tus puntuaciones
No has intentado esta prueba.